000
00466nam a2200133Ia 4500
008
100328s9999 xx 000 0 und d
082
_b
3279
100
_a
गांधी महात्मा
245
_a
स्त्रियों की समस्याएँ
260
_b
साधना
630
_a
स्त्रियों की समस्याएँ
730
_a
स्त्रियों की समस्याएँ
942
_c
BOOK
999
_c
499423
_d
499420